[Event "EICC 2019"]
[Site "Skopia"]
[Date "2019.03.28"]
[Round "10.17"]
[White "Deac, Bogdan-Daniel"]
[Black "Edouard, Romain"]
[Result "0-1"]
[WhiteElo "2609"]
[BlackElo "2658"]
[Annotator "TA"]
[PlyCount "80"]
[EventDate "2019.03.18"]
[EventType "swiss"]
[EventCountry "MKD"]
[SourceTitle "playchess.com"]
[Source "ChessBase"]
[SourceQuality "1"]

{[%evp 11,80,14,12,-8,9,6,10,11,18,19,30,25,16,20,16,8,30,10,37,5,16,0,0,-15,-8,-12,20,-7,23,22,42,39,27,37,30,32,23,37,60,23,122,133,217,250,279,167,155,147,145,152,150,150,145,147,280,-35,-25,-335,-341,-5457,-5182,-29989,-901,-29983,-29984,-29984,-29985,-29985,-29986,-29986,-29987]} 1. c4 e5 2. Nc3 Nf6 3. Nf3 Nc6 4. e3 Bb4 5. Qc2 Bxc3 6. Qxc3 Qe7 7. d4 {[%cal Rf3e5] A28: English Opening: Four Knights Variation} (7. Be2 O-O 8. d4 Ne4 9. Qc2 exd4 10. exd4 Qb4+ 11. Bd2 Nxd2 12. Qxd2 Qxd2+ 13. Kxd2 d6 14. h3 Bd7 15. Rhe1 Rfe8 {½-½ (30) Vitiugov,N (2709)-Kryvoruchko,Y (2698) Germany 2019}) 7... e4 (7... Ne4 $5 {[%cal Re4c3]} 8. Qd3 exd4 $11) 8. Nd2 d5 9. a3 {The position is equal.} a5 10. Qc2 $146 ({Predecessor:} 10. b3 O-O 11. Bb2 Be6 12. Be2 a4 13. O-O axb3 14. Nxb3 dxc4 15. Bxc4 Bxc4 16. Qxc4 {½-½ (55) Harff,M (2410)-Fischer,D (2164) Neustadt an der Weinstrasse 2018}) 10... dxc4 11. Bxc4 O-O 12. b3 Bf5 13. Bb2 Bg6 14. Nb1 Rfe8 15. Qc1 Na7 16. a4 Nc6 17. Ba3 Nb4 18. Nc3 c5 19. dxc5 Rac8 20. O-O Rxc5 21. Ne2 Ng4 22. Nf4 Ne5 (22... Qh4 $2 23. h3 $18) 23. Rd1 Rec8 {[%cal Re5c4]} 24. Rd4 Qg5 25. Kf1 Ng4 (25... Qf6 $11) 26. h3 $1 $16 {[%cal Rh3g4]} Nh2+ (26... Ne5 $16 {was worth a try.}) 27. Ke2 $18 Nd3 28. Qg1 (28. Qh1 $142 $1 Rxc4 29. bxc4 Nxf4+ 30. exf4 Qxf4 31. Rad1) 28... Rxc4 29. bxc4 Nxf4+ 30. exf4 Qxf4 {Strongly threatening ...Nf3!} 31. Qc1 $1 {[%cal Rc1f4]} Bh5+ 32. Ke1 Qf6 {[#]} (32... Nf3+ $16 33. gxf3 Qxf3) 33. Bb2 $2 ({Not} 33. Rxe4 Rd8 $11) (33. Qe3 $1 $18) 33... Qg6 $1 $40 {[%cal Rg6g2][%mdl 128] Black is up to no good.} 34. Qc3 $2 {[%mdl 8192]} ({But not} 34. Qd2 $2 {[#]} Nf3+ $1 {[%mdl 512]} 35. Kf1 Nxd2+ $19) (34. g4 $1 $11 {and White has nothing to worry.}) 34... Qxg2 $19 {And now ...Nf3+ would win.} 35. Rd5 $2 (35. Kd2 Nf3+ 36. Kc1) 35... Nf3+ 36. Ke2 Ne5+ (36... Nd4+ $142 37. Ke3 Qf3+ 38. Kxd4 Qxf2+ 39. Qe3 Qxb2+ {[%mdl 64] Double Attack} 40. Qc3 Qf2+ 41. Qe3 Qf6+ 42. Re5 Qd6+ 43. Kc3 Qb4+ {[%mdl 64] Double Attack} 44. Kc2 Rxc4+ 45. Qc3 Qxc3+ 46. Kb1 Qc2#) 37. Ke3 Nxc4+ {Black mates.} 38. Qxc4 Qf3+ 39. Kd4 Qxf2+ {[%mdl 64] Double Attack} 40. Kc3 Qe3+ {[%mdl 64] Double Attack. Accuracy: White = 35%, Black = 39%.} 0-1

[Event "EICC 2019"]
[Site "Skopia"]
[Date "2019.03.28"]
[Round "10.18"]
[White "Gelfand, Boris"]
[Black "Moussard, Jules"]
[Result "1-0"]
[WhiteElo "2655"]
[BlackElo "2601"]
[Annotator "TA"]
[PlyCount "45"]
[EventDate "2019.03.18"]
[EventType "swiss"]
[EventCountry "MKD"]
[SourceTitle "playchess.com"]
[Source "ChessBase"]
[SourceQuality "1"]

{[%evp 19,45,52,69,79,79,95,108,59,122,133,125,128,469,481,483,479,777,762,764,756,796,783,781,270,743,777,770,767]} 1. d4 d6 2. Nf3 g6 3. c4 f5 4. Nc3 Nf6 5. g3 Bg7 6. Bg2 O-O 7. O-O c6 8. b3 Qa5 9. Bb2 e5 10. Qd2 Qc7 11. d5 {A88: Dutch Defence: Leningrad System: 5 Nf3 0-0 6 0-0 d6 7 Nc3 c6} e4 12. Ng5 (12. Nd4 Qe7 13. dxc6 bxc6 14. Rad1 Rd8 15. Nc2 d5 16. f3 Rd7 17. cxd5 cxd5 18. Nb5 Nc6 {0-1 (37) Gelfand,B (2773)-Giri,A (2734) Beijing 2013}) 12... Qe7 13. Rad1 $146 {White is better.} ({Predecessor:} 13. f3 e3 14. Qd3 Na6 15. f4 Nb4 16. Qd1 h6 17. Nf3 c5 18. a3 Na6 {0-1 (63) Tjomsland,S (2300)-Preotu,R (2447) Reykjavik 2015}) 13... Rd8 (13... c5 $14) 14. f3 $16 {[%cal Rf3e4]} e3 15. Qc1 Nxd5 $2 {[%mdl 8192] [#]} (15... h6 $16) 16. Nxd5 $18 ({Not} 16. cxd5 Qxg5 17. dxc6 Nxc6 $16) 16... cxd5 17. f4 Rf8 (17... Bf6 $142 18. Bxd5+ Kg7) 18. Bxd5+ Kh8 19. Rf3 Bxb2 20. Qxb2+ Qg7 21. Qxg7+ Kxg7 22. Rxe3 {[#] Hoping for Re7+.} h6 23. Ne6+ 1-0

[Event "EICC 2019"]
[Site "Skopia"]
[Date "2019.03.28"]
[Round "10.19"]
[White "Huschenbeth, Niclas"]
[Black "Alekseenko, Kirill"]
[Result "1-0"]
[WhiteElo "2594"]
[BlackElo "2644"]
[Annotator "TA"]
[PlyCount "91"]
[EventDate "2019.03.18"]
[EventType "swiss"]
[EventCountry "MKD"]
[SourceTitle "playchess.com"]
[Source "ChessBase"]
[SourceQuality "1"]

{[%evp 19,91,13,25,17,23,12,16,22,24,14,9,16,27,30,40,27,32,29,35,37,25,31,31,37,60,64,91,89,91,83,94,78,91,82,85,81,91,83,87,91,85,85,96,110,102,85,79,77,85,74,82,75,131,96,91,69,74,0,88,88,119,112,119,119,181,183,189,186,250,250,670,70,612,558]} 1. e4 e5 2. Nf3 Nc6 3. Bb5 a6 4. Ba4 Nf6 5. O-O Be7 6. Re1 b5 7. Bb3 d6 8. a4 b4 9. a5 O-O 10. d3 Be6 11. Bxe6 {C88: Closed Ruy Lopez: Anti-Marshall Systems} fxe6 12. Nbd2 Rb8 13. c3 {The position is equal.} Qe8 14. d4 bxc3 15. bxc3 exd4 16. cxd4 Rb5 17. Ba3 Qd7 18. Qc2 {[#]} Rfb8 $146 ({Predecessor:} 18... Nxa5) 19. Rec1 Nxa5 20. Qxc7 Qxc7 21. Rxc7 Bf8 22. h3 Nb3 23. Nxb3 $1 Rxb3 24. Ng5 Re8 25. e5 $1 {[%cal Re5f6]} Nd5 26. Ra7 Nb4 27. Bxb4 Rxb4 28. R7xa6 {Black must now prevent Ra8.} h6 29. Nf3 dxe5 30. dxe5 Bc5 31. Rc6 Bb6 32. Ra2 Kf7 33. Nd2 Re7 34. Rac2 Rd7 35. Nc4 Rd1+ 36. Kh2 Bd4 37. Re2 Ke7 38. Rc2 Kf7 39. g3 Re1 40. Rd2 Bxe5 41. Rd7+ Kg8 (41... Kf6 $16) 42. Nxe5 $18 Rxe5 43. Rcc7 Rg5 {[#]} (43... Rf5 {was called for.}) 44. h4 $1 {[%cal Rh4g5]} Rg6 $2 (44... Rf5 45. Rxg7+ Kf8) 45. Rc8+ Kh7 {[#]} 46. Rdd8 $1 {Accuracy: White = 88%, Black = 58%.} 1-0

[Event "EICC 2019"]
[Site "Skopia"]
[Date "2019.03.28"]
[Round "10.20"]
[White "Kuzubov, Yuriy"]
[Black "Bartel, Mateusz"]
[Result "1/2-1/2"]
[WhiteElo "2644"]
[BlackElo "2600"]
[Annotator "TA"]
[PlyCount "187"]
[EventDate "2019.03.18"]
[EventType "swiss"]
[EventCountry "MKD"]
[SourceTitle "playchess.com"]
[Source "ChessBase"]
[SourceQuality "1"]

{[%evp 14,187,26,20,23,25,29,23,36,24,24,25,29,11,18,14,32,18,26,-18,15,15,21,17,20,17,20,15,12,12,12,12,12,4,11,0,8,8,43,44,30,0,36,27,33,33,56,29,55,-21,-10,-34,-22,-27,-27,-27,-10,-102,-104,-112,-16,-19,0,0,0,-4,0,0,0,0,0,0,0,0,8,10,14,12,24,8,32,34,57,18,164,156,145,152,255,254,248,139,138,158,151,145,222,223,258,252,229,187,220,209,190,0,179,117,108,78,94,78,68,76,78,64,78,57,156,128,269,260,258,251,254,228,252,246,268,268,238,76,78,78,78,78,78,37,73,56,70,74,74,57,75,67,78,78,78,78,78,78,75,75,74,74,74,74,74,73,73,73,73,72,68,20,20,20,20,8,8,8,8,8,8,8]} 1. c4 c6 2. Nf3 d5 3. e3 Bf5 4. cxd5 cxd5 5. Qb3 Qc7 6. Nc3 {[%cal Bb1c3,Bc3b5,Bb5d4][%mdl 32] A11: English Opening: 1...c6} e6 7. Nb5 Qb6 8. Qa4 {LiveBook: 3 Games. White has an edge.} Nd7 9. Qd4 $146 ({Predecessor:} 9. Nbd4 Bg6 10. Ne5 Ngf6 11. h4 {1-0 (37) Movsesian,S (2677)-Mukashev,A (2207) Pardubice 2017}) 9... Kd8 10. Qxb6+ Nxb6 11. Ne5 Nh6 12. Nd4 Bg6 13. Nxg6 hxg6 14. b3 Be7 15. Nf3 Rc8 16. Rg1 f5 17. h3 Bf6 18. d4 Nf7 19. g4 g5 20. Ba3 g6 21. Rc1 Rxc1+ 22. Bxc1 Nc8 23. Bb2 Ne7 24. Kd1 a6 25. Ne1 Kd7 26. Nd3 b6 27. Bg2 Nc8 28. Ke2 Ncd6 29. Rc1 a5 30. f3 Nd8 31. f4 (31. Kf2 $14) 31... Nc6 32. Rg1 Ne4 33. fxg5 Bxg5 34. gxf5 Ng3+ 35. Kf2 (35. Kd1 $11 {remains equal.} Nxf5 36. e4 Ne3+ 37. Ke2 Nxg2 38. exd5 exd5 39. Rxg2) 35... Nxf5 $17 36. Bc1 Rf8 ({Black should play} 36... Rc8 $1 $17 37. Bf1 Bh4+ 38. Kf3 Be7) 37. Ke2 $11 Ng3+ 38. Kd1 Bh4 39. Bd2 g5 40. Be1 Nf5 41. Bd2 Ng3 42. Be1 Nf5 43. Bd2 b5 44. Rf1 Kd6 45. a3 Ra8 46. Kc2 Rg8 47. Kb2 Rg7 48. Nc5 Rf7 (48... Rc7 $11 {and Black stays safe.}) 49. e4 $1 $18 dxe4 50. Nxe4+ Kd7 (50... Ke7 $16 51. d5 (51. Nxg5 Rg7 $18) (51. Bxg5+ Bxg5 52. Nxg5 Rg7 $14) 51... exd5) 51. Nc5+ (51. Nxg5 Bxg5 52. Bxg5 Ncxd4 $16) 51... Kd6 {[#]} 52. Bxc6 (52. Nxe6 $1 $18 {[%mdl 512]} Nh6 (52... Kxe6 53. d5+) 53. Nxg5 Rxf1 54. Bxf1 Nxd4 55. Ne4+ Ke5 56. Bd3 (56. Bxh6 Kxe4 57. Bd2 Bd8 $16)) 52... Kxc6 $16 53. Nxe6 Kd5 54. Nxg5 Bxg5 (54... Rf8 $16 {is a better defense.} 55. Nh7 Rf7) 55. Bxg5 $18 Kxd4 $16 {[%mdl 4096] Endgame [#] KRB-KRN} 56. h4 $1 Ke4 57. Re1+ Kd3 58. Rd1+ Ke4 59. Re1+ $2 ({Better is} 59. h5 $18) 59... Kd5 $2 (59... Kd3 $1 $11) 60. Rh1 (60. h5 $18) 60... Ng3 61. Rd1+ Kc6 62. Rd4 Rf2+ 63. Rd2 Rf3 64. Rc2+ Kd5 65. Rh2 Ne4 (65... Nf1 $14 66. Rg2 Ng3) 66. Bd2 a4 (66... Nxd2 $16 67. Rxd2+ Ke6) 67. bxa4 $18 bxa4 68. h5 Rb3+ {[#]} 69. Ka2 $1 Ke6 70. Bb4 Kf7 71. h6 Kg8 72. Re2 $2 (72. Rh4 $18 {and White stays clearly on top.} Nf6 73. Ba5) 72... Nf6 73. Bd2 Rh3 74. Bg5 Nd5 {And now ...Nc3+ would win.} 75. Rg2 (75. Re5 {keeps more tension.} Rh2+ 76. Kb1 Nc3+ 77. Kc1 Na2+ 78. Kd1) 75... Kf7 76. Bd2 Nf6 77. Bc1 Ke6 78. Kb2 Ne4 79. Bf4 Nf6 80. Rh2 Rb3+ 81. Ka2 {Hoping for h7.} Ne4 {( -> ...Nc3+)} 82. Rh1 {Black must now prevent h7.} Nc3+ 83. Ka1 {Threatens to win with h7.} Rxa3+ 84. Kb2 Rb3+ 85. Kc2 Nd5 86. h7 Rc3+ 87. Kd1 Rc8 88. Rh6+ Kf7 89. Be5 Ne3+ {The position is equal.} 90. Ke1 Ng4 91. Rc6 Rxc6 92. h8=Q Nxe5 93. Qh5+ Ke6 94. Qh3+ {Precision: White = 62%, Black = 49%.} 1/2-1/2

[Event "EICC 2019"]
[Site "Skopia"]
[Date "2019.03.28"]
[Round "10.21"]
[White "Sychev, Klementy"]
[Black "Alekseev, Evgeny"]
[Result "1/2-1/2"]
[WhiteElo "2545"]
[BlackElo "2640"]
[Annotator "TA"]
[PlyCount "43"]
[EventDate "2019.03.18"]
[EventType "swiss"]
[EventCountry "MKD"]
[SourceTitle "playchess.com"]
[Source "ChessBase"]
[SourceQuality "1"]

{[%evp 12,43,-2,-17,0,0,10,0,0,0,15,-9,7,-24,-8,-54,-52,-69,-62,-58,-69,-57,-66,-61,-73,-64,-65,-118,-102,-95,-84,-83,-47,-62]} 1. e4 e5 2. Nf3 Nc6 3. Bb5 Nf6 4. O-O Nxe4 5. d4 Nd6 6. dxe5 Nxb5 7. a4 {[#]} Nbd4 $1 {[%mdl 512] C67: Ruy Lopez: Berlin Defence: 4 0-0 Nxe4} 8. Nxd4 d5 9. Nxc6 bxc6 {The position is equal.} 10. Qf3 Be6 11. Nd2 c5 12. Rd1 $146 ({Predecessor:} 12. Qg3 Qd7 13. Rd1 h6 14. b3 Qc6 15. Nf1 {1-0 (29) Guseinov,G (2667)-Bosman,M (2390) Porto Carras 2018}) 12... Be7 13. Nf1 O-O 14. Ne3 {[%cal Re3d5]} d4 15. Nf5 Bxf5 16. Qxf5 Qd5 $1 17. Re1 c4 18. Qg4 Rfe8 19. Bf4 (19. Qe4 $15 Qxe4 20. Rxe4) 19... Bf8 20. Rad1 c5 21. c3 Rad8 22. Bg5 {Accuracy: White = 52%, Black = 66%.} 1/2-1/2

[Event "EICC 2019"]
[Site "Skopia"]
[Date "2019.03.28"]
[Round "10.22"]
[White "Yilmaz, Mustafa"]
[Black "Petrov, Nikita"]
[Result "0-1"]
[WhiteElo "2636"]
[BlackElo "2591"]
[Annotator "TA"]
[PlyCount "106"]
[EventDate "2019.03.18"]
[EventType "swiss"]
[EventCountry "MKD"]
[SourceTitle "playchess.com"]
[Source "ChessBase"]
[SourceQuality "1"]

{[%evp 13,106,0,0,0,11,-3,0,-2,10,10,10,9,2,10,12,0,6,0,5,-34,-35,-39,-45,-102,-79,-160,-160,-175,-181,-179,-181,-189,-175,-189,-116,-247,-216,-219,-217,-207,-189,-167,-162,-152,-141,-177,-160,-163,-154,-339,-333,-333,-297,-330,-326,-411,-407,-429,0,-312,-278,-606,-336,-311,-207,-296,-314,-310,-315,-379,-369,-459,-464,-388,-377,-350,-336,-381,-384,-676,-667,-684,-675,-656,-648,-860,-859,-852,-838,-800,-808,-847,-836,-750,-722]} 1. d4 Nf6 2. c4 e6 3. Nf3 Bb4+ 4. Nbd2 O-O 5. a3 Be7 6. g3 b6 7. Bg2 Bb7 8. O-O {E16: Queen's Indian: 4 g3 Bb7 5 Bg2 Bb4+} d5 9. Qc2 (9. cxd5 exd5 10. b4 a5 11. b5 c6 12. bxc6 Nxc6 13. Bb2 b5 14. e3 a4 15. Qb1 Qb6 16. Rc1 Rfc8 17. Ne5 h6 {1-0 (48) So,W (2780)-Vidit,S (2718) chess.com INT 2018}) 9... Nbd7 10. Rd1 {The position is equal.} Rc8 11. b4 c5 12. dxc5 bxc5 13. b5 d4 14. a4 Qc7 15. a5 e5 16. Bb2 $146 ({Predecessor:} 16. a6 Ba8 17. Ne1 Bxg2 18. Nxg2 {0-1 (27) Zakharov,A (2393)-Petrov,A (2383) Taganrog 2011}) 16... Ne8 17. Ne1 Nd6 18. e4 (18. Ne4 $15) 18... Bg5 19. Bc1 ({White should play} 19. Nef3 Bxd2 20. Nxd2) 19... Bxd2 $17 20. Bxd2 f5 21. exf5 Bxg2 ({Weaker is} 21... Nxf5 22. b6 $11) ({But not} 21... Rxf5 22. f3 $11) 22. Nxg2 Rxf5 ({Much less strong is} 22... Nxf5 23. f3 $17) 23. Re1 Qb7 (23... Rf7 $19 24. Re2 Qb7) 24. Ra3 (24. Nh4 $17 {keeps fighting.} Rf7 25. f3) 24... Rcf8 25. f4 e4 26. a6 Qa8 {And now ...Nb6 would win.} 27. Ba5 Re8 28. Bc7 Rf6 29. Nh4 e3 30. Bxd6 Rxd6 31. Qd3 $2 (31. Qd1 $17 Rde6 32. Nf3) 31... Nf6 $19 {[%cal Bd7f6,Bf6e4,Be4d2][%mdl 32]} 32. Ra2 Ne4 33. Ng2 Rde6 34. Rc2 Nd2 35. Nh4 Ne4 {[#] Hoping for ...Nf2.} 36. Ng2 $1 g5 {White must now prevent ...gxf4.} 37. f5 $2 (37. Rf1) 37... Re5 38. Rf1 Nf6 39. Re2 (39. Rb2 $142) 39... Qe4 40. Ne1 {[#]} Qg4 $1 41. Ng2 Qh5 42. Ne1 Ne4 43. Ng2 Qf7 44. g4 h5 45. b6 axb6 46. Ra1 $2 (46. f6 hxg4 47. Nxe3) 46... Nf2 {Black is clearly winning.} 47. Rxf2 exf2+ 48. Kxf2 hxg4 49. a7 Qxf5+ 50. Qxf5 Rxf5+ 51. Kg3 Ra8 52. Kxg4 Rf7 53. Ra6 Rb7 {Accuracy: White = 34%, Black = 68%.} 0-1

[Event "EICC 2019"]
[Site "Skopia"]
[Date "2019.03.28"]
[Round "10.23"]
[White "Huzman, Alexander"]
[Black "Hovhannisyan, Robert"]
[Result "1/2-1/2"]
[WhiteElo "2582"]
[BlackElo "2634"]
[Annotator "TA"]
[PlyCount "132"]
[EventDate "2019.03.18"]
[EventType "swiss"]
[EventCountry "MKD"]
[SourceTitle "playchess.com"]
[Source "ChessBase"]
[SourceQuality "1"]

{[%evp 13,132,31,33,29,37,28,20,17,18,27,25,10,27,18,37,27,43,48,57,37,45,45,37,33,66,31,60,67,63,62,66,37,58,27,75,73,72,61,94,53,65,61,53,31,40,28,50,14,12,11,11,8,8,9,8,8,29,0,0,-9,-8,-4,0,0,0,0,0,0,0,0,0,0,0,0,0,0,0,0,0,0,0,0,0,0,0,0,0,0,0,0,0,0,0,0,0,0,0,0,0,0,0,0,0,0,0,0,0,0,0,0,0,0,0,0,0,0,0,0,0,0,0]} 1. d4 d5 2. c4 c6 3. Nf3 Nf6 4. e3 Bg4 5. h3 Bh5 6. Nc3 e6 7. g4 Bg6 8. Ne5 {D11: Slav Defence: 3 Nf3 sidelines and 3...Nf6 4 e3 Bg4} Nbd7 9. Nxg6 hxg6 10. Bd2 g5 11. cxd5 exd5 12. Bd3 Bd6 $146 ({Predecessor:} 12... Bb4 13. a3 Bxc3 14. Bxc3 a5 15. f3 Qc7 {1-0 (52) Gelfand,B (2753)-Saric,I (2671) Tromsoe 2014}) 13. Qf3 Qe7 14. h4 gxh4 15. g5 Ne4 16. Nxe4 dxe4 17. Qxe4 Qxe4 18. Bxe4 O-O-O 19. g6 Rdf8 20. gxf7 Rxf7 21. Ke2 g5 22. Rag1 Be7 23. Rh3 Kc7 24. Bg6 Rf6 25. Bd3 Nf8 26. Rxg5 {And now Rg7 would win.} (26. d5 {keeps more tension.} cxd5 27. Bc3 Ne6 28. Be5+ Kd7 29. Rd1) 26... Rxf2+ $1 27. Kxf2 Bxg5 28. Bf5 Nd7 29. Kf3 c5 30. Bxd7 (30. dxc5 {is more complex.} Nxc5 31. Bc3 Rf8 32. e4 Rd8 33. Kg4) 30... Kxd7 31. dxc5 $14 {[%mdl 4096] Endgame KRB-KRB} Rf8+ 32. Kg4 Be7 33. Be1 Bxc5 34. Bxh4 Ke6 35. b3 Ke5 {The position is equal.} 36. Rf3 Rg8+ 37. Kh3 Ke4 38. Rf4+ Kd3 39. Rf7 b5 40. Rf5 Rc8 41. Bg5 a6 42. Kg4 Bxe3 {...Rg8 is the strong threat.} 43. Bxe3 Kxe3 $11 {KR-KR} 44. Rf6 Ra8 45. Rd6 a5 46. Rd5 b4 47. Kf5 Ra6 48. Ke5 Rh6 49. Rd1 Rh2 50. Kd5 Rc2 51. Kd6 $1 Ke4 52. Kd7 $1 Ke5 53. Rd3 Ke4 54. Rd1 Rc5 55. Kd6 Rc8 56. Kd7 Rc2 57. Kd6 Ke3 58. Rd5 Rxa2 59. Kc6 Ke4 {aiming for ...Ra3.} 60. Rd1 a4 61. bxa4 b3 62. Rb1 b2 {[#]} 63. a5 $1 {[%mdl 512]} Kd3 {[#]} (63... Rxa5 64. Rxb2) 64. Rxb2 $3 {[%mdl 512]} Rxb2 65. a6 Ra2 66. Kb7 {[#]} Rxa6 $1 {[%mdl 512] Accuracy: White = 81%, Black = 66%.} 1/2-1/2

[Event "EICC 2019"]
[Site "Skopia"]
[Date "2019.03.28"]
[Round "10.24"]
[White "Fridman, Daniel"]
[Black "Yuffa, Daniil"]
[Result "1-0"]
[WhiteElo "2633"]
[BlackElo "2582"]
[Annotator "TA"]
[PlyCount "129"]
[EventDate "2019.03.18"]
[EventType "swiss"]
[EventCountry "MKD"]
[SourceTitle "playchess.com"]
[Source "ChessBase"]
[SourceQuality "1"]

{[%evp 9,129,31,18,15,15,20,26,0,8,16,18,17,15,21,17,6,33,29,46,31,37,31,32,32,28,28,28,25,39,35,33,29,75,77,86,14,22,5,24,18,30,8,11,14,25,15,15,21,55,55,55,55,55,55,55,55,55,55,55,55,55,55,55,55,55,55,55,55,55,12,55,0,100,100,100,100,95,95,90,97,97,97,315,315,315,43,315,314,29954,11516,5916,1068,1170,0,29970,29971,29971,29972,29972,29973,29973,29974,29974,29975,29975,29976,29976,29977,29977,29978,29978,29979,29979,29980,29980,29981,29981,29982,29982,29983,29983,29984]} 1. d4 d5 2. c4 c6 3. Nf3 Nf6 4. e3 Bf5 5. Nc3 a6 6. Be2 {D15: Slav Defence: 4 Nc3 a6 and gambit lines after 4 Nc3 dxc4} h6 7. O-O e6 8. Bd3 {White has an edge.} Bxd3 9. Qxd3 Bb4 10. Bd2 O-O 11. Rfd1 Ba5 12. Rab1 b5 $146 ({Predecessor:} 12... Nbd7 13. b4 Bc7 {0-1 (32) Bindrich,F (2606)-Dreev,A (2670) St Petersburg 2018}) 13. cxd5 cxd5 14. b4 Bc7 15. Rdc1 Nbd7 16. a4 bxa4 17. Nxa4 e5 18. dxe5 Nxe5 19. Nxe5 Bxe5 20. Nc5 Ne4 {next ...Bxh2+! is good for Black.} 21. Be1 Re8 22. f3 (22. Nxa6 $16 {Threatens to win with b5.} d4 23. Nc5 Nxc5 24. Rxc5) 22... Nxc5 $1 $11 23. Rxc5 d4 24. e4 Rc8 25. Rbc1 Rxc5 26. Rxc5 Bf4 27. Bf2 Qb8 28. g3 Bd6 29. Rd5 Bxb4 30. Qxa6 Bc3 31. Bxd4 Bxd4+ 32. Rxd4 $14 {[%mdl 4096] Endgame KQR-KQR} Qb1+ 33. Qf1 Qb6 34. Qf2 Rd8 35. Rxd8+ Qxd8 {KQ-KQ} 36. Qe2 Qd4+ 37. Kg2 h5 38. Qb5 {Hoping for Qe8+.} g6 39. Qg5 Kg7 40. e5 (40. Qc1 $14) 40... Qb6 (40... Qd3 $11 {remains equal.}) 41. Kh3 $1 $16 Qa6 42. Kh4 $1 Qc6 43. Qf4 Qd5 44. Qf6+ Kh7 45. Kg5 Qc4 $2 (45... Qd7 $16 {is a better defense.} 46. h3 Qd2+ 47. f4 Qd5) 46. f4 $18 Qa2 47. Qd6 $2 (47. Qe7 $18 Kg7 48. h3) 47... Kg7 $2 {[%mdl 8192]} (47... Qxh2 $14 48. Kf6 Qxg3) 48. Qe7 Qb3 $2 (48... Qc4 $18 49. Qf6+ Kh7) 49. Qf6+ Kh7 50. Qd6 (50. Qc6 $142 Qb8 51. Kf6) 50... Kg7 51. e6 $2 ({White must play} 51. Qa6 $18 {Strongly threatening Qf6+.} Kg8 52. Kf6) 51... Qxe6 $2 {[%mdl 8192]} (51... f6+ $11 52. Kh4 Qc2) 52. Qxe6 {White mates.} fxe6 $11 {K3P-K3P} 53. h3 $1 Kf7 54. Kh6 $1 Kf6 {[#]} 55. g4 $1 {[%cal Rg4g5]} h4 {[#]} 56. g5+ $1 Kf5 57. Kg7 Kxf4 58. Kxg6 {KPP-KPP} e5 59. Kh5 e4 60. g6 e3 61. g7 e2 62. g8=Q e1=Q 63. Qg5+ Kf3 64. Qg4+ Ke3 65. Qe6+ {Accuracy: White = 64%, Black = 59%.} 1-0

[Event "EICC 2019"]
[Site "Skopia"]
[Date "2019.03.28"]
[Round "10.25"]
[White "Rakhmanov, Aleksandr"]
[Black "Hracek, Zbynek"]
[Result "1-0"]
[WhiteElo "2629"]
[BlackElo "2578"]
[Annotator "TA"]
[PlyCount "53"]
[EventDate "2019.03.18"]
[EventType "swiss"]
[EventCountry "MKD"]
[SourceTitle "playchess.com"]
[Source "ChessBase"]
[SourceQuality "1"]

{[%evp 13,53,10,33,15,29,22,20,6,26,-13,0,0,14,13,13,10,29,33,39,38,29,6,73,0,0,0,0,0,54,58,50,0,86,93,97,91,97,0,98,94,521,514]} 1. c4 e6 2. Nf3 d5 3. e3 Nf6 4. b3 c5 5. Bb2 Nc6 6. cxd5 exd5 7. Be2 Bd6 8. Nc3 {A13: English Opening: 1...e6} O-O 9. d4 cxd4 10. Nxd4 {The position is equal.} Re8 11. Ncb5 $146 ({Predecessor:} 11. O-O Nxd4 12. Qxd4 Be5 13. Qd2 d4 14. exd4 Qxd4 15. Qxd4 Bxd4 16. Bf3 Be6 17. Rad1 Bxc3 18. Bxc3 Rac8 19. Bd4 b6 20. Rd2 {1-0 (34) Vitiugov,N (2709)-Wojtaszek,R (2749) Shenzhen 2018}) 11... Bb4+ 12. Bc3 $1 Bxc3+ 13. Nxc3 Qa5 14. Qd2 Bg4 15. Bxg4 Nxg4 16. Nxc6 bxc6 17. Rc1 c5 (17... Rad8 $11 18. h3 Nf6) 18. Nd1 ({Better is} 18. Qxd5 $16 Ne5 19. O-O) 18... Qb6 19. Qxd5 Rad8 20. Qxc5 Qa6 (20... Qb8 $11) 21. Qc4 $1 $14 {[%cal Rc4a6]} Qd6 22. Qc2 Qa6 {[#]} (22... Nxh2 $11 23. Nc3 Qh6) 23. Qe2 $1 $16 {[%cal Re2a6]} Qa3 24. Rc3 Qd6 25. Rc1 Qa3 $1 {[%cal Ra3c1]} 26. Rc2 Qd6 $2 {[%mdl 8192] [#]} (26... Qb4+ $16 {is more resistant.} 27. Kf1 Ne5) 27. Qxg4 {Accuracy: White = 48%, Black = 43%.} 1-0

[Event "EICC 2019"]
[Site "Skopia"]
[Date "2019.03.28"]
[Round "10.26"]
[White "Pultinevicius, Paulius"]
[Black "Kobalia, Mikhail"]
[Result "1/2-1/2"]
[WhiteElo "2439"]
[BlackElo "2627"]
[Annotator "TA"]
[PlyCount "98"]
[EventDate "2019.03.18"]
[EventType "swiss"]
[EventCountry "MKD"]
[SourceTitle "playchess.com"]
[Source "ChessBase"]
[SourceQuality "1"]

{[%evp 9,98,20,31,25,27,28,26,10,13,19,18,17,7,9,21,0,0,0,0,-7,7,0,0,-1,7,17,9,16,16,25,13,26,24,2,4,0,0,11,6,0,0,0,0,-16,-11,-16,-16,-16,-16,-16,-16,-16,-16,-16,-16,-16,-16,-35,-34,-34,-34,-31,-49,-97,0,0,0,0,0,0,0,-8,0,0,0,0,0,0,0,0,0,0,0,0,0,0,0,0,0,0,0]} 1. d4 d5 2. Nf3 Nf6 3. c4 c6 4. Nc3 a6 5. Qc2 g6 6. cxd5 {D15: Slav Defence: 4 Nc3 a6 and gambit lines after 4 Nc3 dxc4} cxd5 7. Bg5 Nc6 8. Bxf6 {White has an edge.} exf6 9. e3 Be6 10. Be2 Bd6 11. O-O Rc8 $146 ({Predecessor:} 11... O-O 12. Rfc1 Rc8 13. Qd1 {1-0 (37) Ivanchuk,V (2700)-Speelman,J (2610) New York 1995}) 12. Rfc1 f5 13. g3 g5 14. a3 h5 15. Bd3 f4 16. e4 Bg4 17. exd5 Bxf3 18. dxc6 Rxc6 19. Be4 Bxe4 20. Qxe4+ Kf8 21. d5 Rc7 $1 22. Qd4 Rh6 23. Ne4 fxg3 24. hxg3 h4 25. Rxc7 Qxc7 26. Nxd6 Qxd6 $11 {[%mdl 4096] Endgame KQR-KQR} 27. Rc1 {[#] Black must now prevent Rc8+.} hxg3 28. Rc8+ Ke7 29. Qe3+ Kf6 {...gxf2+ is the strong threat.} 30. Qc3+ Qe5 31. fxg3 Qxc3 32. bxc3 {KR-KR} Ke5 33. Rc7 b5 34. Rxf7 Kxd5 35. Rf5+ Kc4 36. Rxg5 Kb3 (36... Kxc3 $17 37. Re5 Kb2) 37. Rc5 {The position is equal.} Kxa3 {And now ...Rb6 would win.} 38. Kf2 Kb3 {Hoping for ...Kc2.} 39. g4 Rb6 40. g5 Rb7 41. Ke3 a5 {[#] aiming for ...a4.} 42. c4 bxc4 {Threatens to win with ...a4.} 43. Rxa5 c3 44. Rc5 c2 45. Kd3 Rd7+ 46. Ke4 Rd1 47. Rxc2 Kxc2 48. g6 Rg1 49. Kf5 Ra1 {Accuracy: White = 73%, Black = 71%.} 1/2-1/2